El proceso contable (Registro nro. 13932)

Detalles MARC
000 -Cabecera
Campo de control de longitud fija 00730nam a2200289 4500
005 - Fecha y hora de la última transacción
Campo de control 20260520194502.0
008 - Elementos de longitud fija--Información general
Campo de control de longitud fija 260520b2018 |||||||| |||| 00| 0 spa d
020 ## - International Standard Book Number
Número Internacional Estándar del Libro (ISBN) 9968313785
041 ## - Idioma
Código de idioma Español
082 ## - Clasificación Decimal Dewey
Número de clasificación 657.42 E74p3
100 ## - Entrada principal--Autor personal
Nombre personal Escoto Leiva, Roxana
245 ## - Título propiamente dicho
Título El proceso contable
250 ## - Edición
Mención de edición 3 edición
260 ## - Pie de imprenta
Lugar de publicación, distribución, etc. Costa Rica
260 ## - Pie de imprenta
Nombre del editor, distribuidor, etc. EUNED
260 ## - Pie de imprenta
Fecha de publicación, distribución, etc. 2018
300 ## - Descripción física
Extensión 296 páginas
650 ## - Materia general
Temática (materia general) CONTABILIDAD DE COSTOS
650 ## - Materia general
Temática (materia general) BALANCE GENERAL
650 ## - Materia general
Temática (materia general) MEDICION DE UTILIDADES
650 ## - Materia general
Temática (materia general) CICLO CONTABLE
650 ## - Materia general
Temática (materia general) ESTADOS FINANCIEROS
650 ## - Materia general
Temática (materia general) CONTABILIDAD DE VENTAS
650 ## - Materia general
Temática (materia general) INVENTARIOS
650 ## - Materia general
Temática (materia general) SISTEMAS DE INFORMACIÓN CONTABLE
942 ## - Punto de acceso adicional KOHA
Fuente del sistema de clasificación o colocación Dewey Decimal Classification
Tipo de ítem KOHA Libro
Existencias
Signatura completa Código de barras Programa Académico Tipo de ítem
657.42 E74p3 26249 Dirección y Administración de Empresas Libro